000 00680nas a2200241 4500
001 BR0002924
003 BR-BrBNA
005 20231205101907.0
007 ta
008 230509b bl.|||p| |||| 00| 00por d
040 _aBR-BrBNA
_bpor
_cBiblioteca Nacional de Agricultura
041 _a(Pt)
072 _aL73
100 1 _aDethioux, F.
100 1 _aCheuiche, A.J. de V.
245 1 _aPrincipais afeccoes cutaneas dos repteis
650 _aReptil
650 _aDoenca Animal
650 _aPele
773 0 _tHora Veterinaria (Brazil)
_xISSN 0101-9163
_g(Mar-Apr 2000), v. 19(114) p. 69-71
_wBR0002924
909 _a202311
_bLúcia
_c55
_dLúcia Elande
942 _2AGRIS
_n0
_cANA
999 _c164561
_d164561